LIBRARY ONLINE CATALOGUE

Basic neuroscience : (Record no. 11511)

MARC details
000 -LEADER
fixed length control field 00646nam a22002172 4500
001 - CONTROL NUMBER
control field 0000023959
005 - DATE AND TIME OF LATEST TRANSACTION
control field 20151217154507.0
008 - FIXED-LENGTH DATA ELEMENTS--GENERAL INFORMATION
fixed length control field 130422s xx 000 0 eng d
020 ## - INTERNATIONAL STANDARD BOOK NUMBER
International Standard Book Number 0721639933 :
040 ## - CATALOGING SOURCE
Original cataloging agency KABU
Transcribing agency KABU
100 1# - MAIN ENTRY--PERSONAL NAME
Personal name Guyton, Arthur C.
-- 0000179396
245 10 - TITLE STATEMENT
Title Basic neuroscience :
Remainder of title anatomy & physiology /
Statement of responsibility, etc. Arthur C. Guyton.
250 ## - EDITION STATEMENT
Edition statement 2nd ed.
260 ## - PUBLICATION, DISTRIBUTION, ETC. (IMPRINT)
Place of publication, distribution, etc. London :
Name of publisher, distributor, etc. W. B. Saunders,
Date of publication, distribution, etc. 1992.
300 ## - PHYSICAL DESCRIPTION
Extent viii, 400 p.
650 #0 - SUBJECT ADDED ENTRY--TOPICAL TERM
Topical term or geographic name as entry element Neurophysiology.
-- 0000180795
650 #0 - SUBJECT ADDED ENTRY--TOPICAL TERM
Topical term or geographic name as entry element Neuroanatomy.
-- 0000183797
852 1# - LOCATION
-- p500 KES
908 ## - PUT COMMAND PARAMETER (RLIN)
Put command parameter 130422
950 ## - LOCAL HOLDINGS (RLIN)
-- 1
Holdings
Withdrawn status Lost status Source of classification or shelving scheme Not for loan Home library Current library Date acquired Total Checkouts Total Renewals Full call number Barcode Checked out Date last seen Date last checked out Price effective from Koha item type
    Library of Congress Classification   Kabarak, Main Campus Kabarak, Main Campus 17/12/2015 10 1 QP355.2 .G89 1992 c. 1 015034 07/06/2022 20/05/2022 20/05/2022 17/12/2015 General Collection